00241pam a2200097 a 4500020000500000041000500005100002200010245006100032260003300093300001700126 c h aArthur cotterell. aEncylopedia of the world mythologyhTextual Documents aAmericabParragon Bookc2002 a320:bpaper.